000 00450nam a2200169Ia 4500
005 20241120034040.0
008 240331s9999 xx 000 0 und d
020 _a9555800561
082 _bWIC
_a900
100 _aWickramasinghe,N
245 0 _aHistory writing :
_bnew trends and methodologies
260 _aColombo
_bInternational Centre for Ethic Studies
_c2001
300 _aIX, 98 P .,
650 _aHistory
650 _aPolitical
942 _cL
999 _c4963
_d4963